The plague years : a chronicle of aids, the epidemic of our times
Salvato in:
| Autore principale: | |
|---|---|
| Natura: | Libro |
| Lingua: | inglese |
| Pubblicazione: |
Simon and Schuster.
1986.
|
| Soggetti: | |
| Tags: |
Aggiungi Tag
Nessun Tag, puoi essere il primo ad aggiungerne!!
|
MARC
| LEADER | 00000nam a22000005a 4500 | ||
|---|---|---|---|
| 001 | 3483 | ||
| 003 | CL-ChBUA | ||
| 005 | 20120815102828.0 | ||
| 008 | 070301s1986 xxu 000 0 eng | ||
| 020 | |a 0671612247 | ||
| 040 | |a CL-ChBUA |c CL-ChBUA | ||
| 082 | 0 | 0 | |a 362.196 |
| 090 | |c 3483 |d 3483 | ||
| 100 | 1 | |a Black, David. | |
| 245 | 1 | 0 | |a The plague years : |b a chronicle of aids, the epidemic of our times |
| 260 | |b Simon and Schuster. |c 1986. | ||
| 300 | |a 224 p. |c 23 cm. | ||
| 504 | |a Indice. | ||
| 650 | 4 | |a EPIDEMIAS - ASPECTOS SOCIALES. | |
| 942 | |c LIB | ||
| 952 | |0 0 |1 0 |4 0 |7 0 |9 5178 |a UNACH |b UNACH |c 300 |d 2007-03-05 |i 25.609. |l 0 |o 362.196 / B 627. |p 6177 |r 2012-12-27 00:00:00 |u 5178 |w 2012-08-08 |y LIB |k 362.196 / B 627. | ||
| 999 | |c 3483 |d 3483 | ||